| 000 | 00426nam a2200157 a 4500 | ||
|---|---|---|---|
| 005 | 20140310183322.0 | ||
| 008 | 060302s19uu xx 00 eng d | ||
| 020 | _a0380718812 | ||
| 050 |
_aPS 3566.E418 _b.P386 1993 |
||
| 100 | _aPellegrino, Charles | ||
| 245 |
_aFlying to Valhalla / _cCharles Pellegrino. |
||
| 260 |
_aNew York : _bAvon Books, _c1993. |
||
| 300 |
_a338 p. : _c17 cm. |
||
| 942 |
_cBK _2lcc |
||
| 999 |
_c21425 _d21425 |
||